00321nam a2200121Ia 4500008004100000041000800041082001200049100002300061245004000084260001400124300002000138520004100158240719s9999 xx 000 0 und d aeng a657 WEY aWeygandt, Jerry J. aFinancial And Managerial Accounting aNew Delhi a1239;. P. 30 Cm aGifted By : IMT Faculty Dr.Pawan sir